| 000 | 01328cam a22002175a 4500 | ||
|---|---|---|---|
| 001 | L159217 | ||
| 008 | 160318s2016 xxk f 000 0 eng d | ||
| 035 | _a(Sirsi) u159217 | ||
| 041 | 0 | _aeng | |
| 100 | 1 | _aBeach, Brian | |
| 245 | 0 | 0 |
_aGeneration stuck _bExploring the reality of downsizing later in life _h[electronic resource] |
| 260 |
_aLondon _bInternational Longevity Centre - UK _c2016 |
||
| 520 | _aHighlights the benefits and challenges of downsizing to smaller properties later in life. Lower maintenance and releasing equity are key reasons for considering downsizing whilst costs such as Stamp Duty Land Tax and moving, affordability and difficulty of finding information on options available put many people off. Research based on life experiences of individuals who have downsized or are considering doing so. Better provision and choice of retirement housing are seen as key to reducing the under-occupancy of housing for the 65 + age group and making more housing available to the younger generation. | ||
| 590 | _aKA | ||
| 650 | 2 | 4 | _aDOWNSIZING |
| 650 | 2 | 4 | _aEQUITY RELEASE |
| 651 | 4 |
_aUnited Kingdom _y |
|
| 690 |
_aResidential property _96266 |
||
| 856 | 4 | 0 |
_uhttps://www.ilcuk.org.uk/images/uploads/publication-pdfs/Generation_Stuck.pdf _zView the item free of charge from www.ilcuk.org.uk |
| 942 | _n0 | ||
| 999 |
_c115745 _d115745 |
||